| 000 | 013140000a22002770004500 | ||
|---|---|---|---|
| 003 | EG-GICUC | ||
| 005 | 20250223030115.0 | ||
| 008 | 091024s1974 ua f m 000 0 ara d | ||
| 040 |
_aEG-GiCUC _bara _cEG-GiCUC |
||
| 041 | 0 | _aara | |
| 049 | _aايداع | ||
| 097 | _aماجستير | ||
| 099 | _aCai01.03.01.M.Sc.1974.سو.د | ||
| 100 | 0 | _aسوسن سدره محارب | |
| 245 | 1 | 0 |
_aدراسة احصائية للنماذج القياسية والسياسات المثلى للانتاج والتخزين : _bمع تطبيق على قطاع المعلبات / _cسوسن سدره محارب ؛ اشراف عبدالمجيد فراج : نادية مكارى |
| 246 | 1 | 5 |
_aEconometric models and optimal policies of production and inventory : _bStatistical study with application canned food industry |
| 260 |
_aالقاهرة : _bسوسن سدره محارب : _c1974 |
||
| 300 |
_a166ورقة ؛ _c30سم |
||
| 502 | _aاطروحة(ماجستير) - جامعة القاهرة - كلية الاقتصاد والعلوم السياسية - قسم الاحصاء | ||
| 700 | 0 |
_aعبدالمجيد فراج : _eمشرف |
|
| 700 | 0 |
_aنادية مكارى : _eمشرف |
|
| 856 | _uhttp://172.23.153.220/th.pdf | ||
| 905 |
_aMustafa _eRevisor |
||
| 905 |
_aSamia _eCataloger |
||
| 942 |
_2ddc _cTH |
||
| 999 |
_c27640 _d27640 |
||